00493nam a2200145Ia 4500008004100000100002300041245005000064245004000114260000900154300002900163440004200192650002200234999001900256952007200275171207s9999 xx 000 0 und d aSugheir, Jeffry S. aEffectuation and Valuation: Cannabis & Glass  cJeffrey S. Sugheir, Kent E. Neupert c2017 apages 102-22, March 2017 aThe Journal of Entrepreneurshipv26:1 aCANNABIS INDUSTRY c347537d347537 001040aCLbCLd2017-12-07l0r2017-12-07 00:00:00w2017-12-07ySE